Basic algebra for college students / (Record no. 13218)

MARC details
000 -LEADER
fixed length control field 00839nam a2200265 i 4500
001 - CONTROL NUMBER
control field 13218
005 - DATE AND TIME OF LATEST TRANSACTION
control field 20250721074343.0
008 - FIXED-LENGTH DATA ELEMENTS--GENERAL INFORMATION
fixed length control field 760406s1976 mau 001 0 eng
010 ## - LIBRARY OF CONGRESS CONTROL NUMBER
LC control number 75026093
020 ## - INTERNATIONAL STANDARD BOOK NUMBER
International Standard Book Number 0395206553453
035 ## - SYSTEM CONTROL NUMBER
System control number 4107904
040 ## - CATALOGING SOURCE
Original cataloging agency BSULIB
Transcribing agency DLC
Modifying agency DLC
050 00 - LIBRARY OF CONGRESS CALL NUMBER
Classification number QA152.2
Item number .B72
082 00 - DEWEY DECIMAL CLASSIFICATION NUMBER
Classification number 512
Edition number 22
Item number BRA
100 1# - MAIN ENTRY--PERSONAL NAME
Personal name Brase, Corrinne Pellillo.
9 (RLIN) 25641
245 10 - TITLE STATEMENT
Title Basic algebra for college students /
Statement of responsibility, etc Corrinne Pellillo Brase, Charles Henry Brase.
260 ## - PUBLICATION, DISTRIBUTION, ETC. (IMPRINT)
Place of publication, distribution, etc Boston :
Name of publisher, distributor, etc Houghton Mifflin,
Date of publication, distribution, etc 1976.
300 ## - PHYSICAL DESCRIPTION
Extent vii, 132 p. ;
Dimensions 2o cm.
500 ## - GENERAL NOTE
General note Includes index.
650 #0 - SUBJECT ADDED ENTRY--TOPICAL TERM
Topical term or geographic name as entry element Algebra.
700 1# - ADDED ENTRY--PERSONAL NAME
Personal name Brase, Charles Henry,
Relator term joint author.
9 (RLIN) 25642
906 ## - LOCAL DATA ELEMENT F, LDF (RLIN)
a 7
b cbc
c orignew
d 2
e ocip
f 19
g y-gencatlg
942 ## - ADDED ENTRY ELEMENTS (KOHA)
Source of classification or shelving scheme Dewey Decimal Classification
Item type Books
Holdings
Withdrawn status Lost status Source of classification or shelving scheme Damaged status Not for loan Home library Current library Shelving location Date acquired Source of acquisition Inventory number Total Checkouts Full call number Barcode Date last seen Copy number Price effective from Koha item type Public note
    Dewey Decimal Classification     Main Library Main Library Open Shelves 21/07/2025 Donation 400   512 BRA bsu25071216 21/07/2025 001 21/07/2025 Books materials available in hard copy

© 2017 Bishop Stuart University Library. All Rights Reserved.
Kakoba Campus, Plot 150 Buremba Road | P.O. Box 9, Mbarara, UGANDA | Tel: +256-772-463068
Email: library@bsu.ac.ug